| 000 | 01591cam a2200373 a 4500 | ||
|---|---|---|---|
| 001 | 12179344 | ||
| 003 | EG-ScBUE | ||
| 005 | 20220811095310.0 | ||
| 008 | 000920s2001 nyu f 000 1 eng d | ||
| 020 | _a0375756884 | ||
| 020 | _a9780375756887 | ||
| 040 |
_aDLC _beng _erda _cDLC _dDLC _dEG-ScBUE |
||
| 041 | 1 |
_aeng _hrus |
|
| 082 | 0 | 4 |
_a891.733 _222 _bDOS |
| 100 | 1 |
_aDostoyevsky, Fyodor, _d1821-1881, _eauthor. _929833 |
|
| 240 | 1 | 0 |
_aShort stories. _lEnglish. _kSelections |
| 245 | 1 | 4 |
_aThe best short stories of Fyodor Dostoevsky / _ctranslated, with an introduction by David Magarshack. |
| 250 | _aModern Library paperback edition. | ||
| 264 | 1 |
_aNew York : _bThe Modern Library, _c2001. |
|
| 300 |
_axxiii, 292 pages ; _c21 cm |
||
| 336 |
_2rdacontent _atext _btxt |
||
| 337 |
_2rdamedia _aunmediated _bn |
||
| 338 |
_2rdacarrier _avolume _bnc |
||
| 505 | 0 | _aWhite nights -- The honest thief -- The Christmas tree and a wedding -- The peasant Marey -- Notes from the underground -- A gentle creature -- The dream of a ridiculous man. | |
| 546 | _aText in English ; translated from the original Russian. | ||
| 600 | 1 | 7 |
_aDostoyevsky, Fyodor, _d1821-1881 _vTranslations into English. _2BUEsh _929834 |
| 650 | _2BUEsh | ||
| 651 | 7 |
_aRussia _xSocial life and customs _vFiction. _2BUEsh _929835 |
|
| 653 |
_cMay2012 _bGGEN |
||
| 655 |
_vReading book _934232 |
||
| 700 | 1 |
_aMagarshack, David, _etranslator, _eauthor of introduction, etc. _929836 |
|
| 942 |
_2ddc _cBB |
||
| 999 |
_c16711 _d16711 |
||